Catálogo

Vista normal Vista MARC

Entrada Personal Name

Número de registros utilizados en: 1

001 - CONTROL NUMBER

  • control field: 10732

003 - CONTROL NUMBER IDENTIFIER

  • control field: DLC

005 - DATE AND TIME OF LATEST TRANSACTION

  • control field: 20200310161245.0

008 - FIXED-LENGTH DATA ELEMENTS

  • fixed length control field: 910205n| azannaabn |n aaa

010 ## - LIBRARY OF CONGRESS CONTROL NUMBER

  • LC control number: n 91011882

035 ## - SYSTEM CONTROL NUMBER

  • System control number: (OCoLC)oca02890224

040 ## - CATALOGING SOURCE

  • Original cataloging agency: DLC
  • Language of cataloging: spa
  • Description conventions: rda
  • Transcribing agency: Mx-PuUPA
  • Modifying agency: DLC
  • Modifying agency: PU
  • Modifying agency: Mx-PuUPA

046 ## - SPECIAL CODED DATES

  • Birth date: 1957-08-11
  • Source of date scheme: edtf

053 #0 - LC CLASSIFICATION NUMBER

  • Classification number element--single number or beginning number of span: PQ2666.O475

100 1# - HEADING--PERSONAL NAME

  • Personal name: Fontanel, Béatrice,
  • Dates associated with a name: 1957-

370 ## - ASSOCIATED PLACE

  • Associated country: Francia

372 ## - FIELD OF ACTIVITY

  • Field of activity: Literatura infantil

374 ## - OCCUPATION

  • Occupation: Autor
  • Occupation: Periodista
  • Occupation: Escritor
  • Occupation: Iconógrafo.

375 ## - GENDER

  • Gender: mujer

377 ## - ASSOCIATED LANGUAGE

  • Language code: fre

670 ## - SOURCE DATA FOUND

  • Source citation: Her Cats, big and little, 1991:
  • Information found: CIP t.p. (Béatrice Fontanel) data sheet (French)

670 ## - SOURCE DATA FOUND

  • Source citation: Babies, 1997:
  • Information found: CIP t.p. (Béatrice Fontanel) data sheet (b. 08-11-57)

670 ## - SOURCE DATA FOUND

  • Source citation: Beto broncas, 2017:
  • Information found: t.p. ( Béatrice Fontanel) de portada

670 ## - SOURCE DATA FOUND

  • Source citation: Biblioteca del congreso (Estados Unidos), 10 marzo 2020:
  • Information found: Catálogo electrónico
  • Uniform Resource Identifier: http://bit.ly/2W18vj1